| 000 | 00460nam a2200121 4500 | ||
|---|---|---|---|
| 999 |
_c14019 _d14019 |
||
| 008 | 190730b ||||| |||| 00| 0 eng d | ||
| 100 |
_939000 _ade Vera, Ben O. |
||
| 245 |
_aUN unit sees PH economy growing by 6.5% in '19: _bFaster than 2018 performance but lower than Unescap's previous forecast/ _cBen O. de Vera |
||
| 260 |
_aPhilippines: _bPhilippine Daily Inquirer; _cc2019. |
||
| 300 | _apage B1. | ||
| 650 | 0 |
_939001 _aEconomic conditions. |
|
| 942 |
_2ddc _cPER |
||